Chương trình hành động tăng cường năng lực và hợp tác quốc tế trong phòng, chống HIV/AIDS ở Việt Nam đến năm 2010 Kèm theo quyết định số 33/2007/QĐ-BYT ngày 23 tháng 8 năm 2007 của Bộ trưởng Bộ Y tế

Сохранить в:
Библиографические подробности
Соавтор: Bộ Y tế
Формат:
Опубликовано: Hà Nội Nxb. Hà Nội 2007
Предметы:
HIV
Метки: Добавить метку
Нет меток, Требуется 1-ая метка записи!
Thư viện lưu trữ: Trung tâm Học liệu Lê Vũ Hùng, Trường Đại học Đồng Tháp
LEADER 00935aam a22002298a 4500
001 00028889
005 20171026081023.0
008 120423s2007 ||||||Viesd
041 0 # |a Vie 
082 1 4 |a 362.196  |b CH561TR 
110 1 # |a Bộ Y tế 
245 1 0 |a Chương trình hành động tăng cường năng lực và hợp tác quốc tế trong phòng, chống HIV/AIDS ở Việt Nam đến năm 2010  |b Kèm theo quyết định số 33/2007/QĐ-BYT ngày 23 tháng 8 năm 2007 của Bộ trưởng Bộ Y tế 
260 # # |a Hà Nội  |b Nxb. Hà Nội  |c 2007 
300 # # |a 34tr.  |c 30cm. 
653 # # |a AIDS 
653 # # |a Phòng chống 
653 # # |a Hợp tác quốc tế 
653 # # |a HIV 
852 # # |b Kho đọc  |j KD.0013148 
852 # # |j KD.0013148 
910 |d 23/04/2012 
980 # # |a Trung tâm Học liệu Lê Vũ Hùng, Trường Đại học Đồng Tháp